000 nam a22 7a 4500
999 _c30433
_d30433
008 190628b xxu||||| |||| 00| 0 eng d
020 _a9789966101921
050 _aBP43 .J86 2016
100 _aJuma Mishi Abdulrahman
245 _aCrescent Islamic religious education :
_bfor secondary schools students' book One/
_cAbdulrahman Mishi Juma...[et al.].
260 _aNairobi :
_bKenya Literature Bureau,
_c2015
300 _aViii,112p. :
_bill., maps ;
_c25cm
650 _aIslamic
_vSecondary Education
_xReligion
_zKenya
942 _2lcc
_cAFRICANA
_hBP43 .J86 2016